Statistics for FIFA 20 Super Lig TOTSSF

Click here to take the quiz!

General Stats

  • This quiz has been taken 108 times
  • The average score is 6 of 14

Answer Stats

RatingPos.ClubPlayer% Correct
93RMBasaksehirEdin Visca
92%
89GKGalatasarayFernando Muslera
74%
91STTrabzonsporAlexander Sorloth
65%
90STGalatasarayFalcao
54%
92CAMFenerbahceMax Kruse
49%
88LBBesiktasCaner Erkin
42%
90CDMFenerbahceLuiz Gustavo
42%
90RBGalatasarayMariano
41%
92CMTrabzonsporJose Sosa
40%
89LBBasaksehirGael Clichy
32%
87CBGalatasarayRyan Donk
27%
88STAlanyasporPapiss Demba Cisse
26%
88LMSivassporEmre Kilinc
25%
91RMTrabzonporGuilherme
15%

Score Distribution

Percentile by Number Answered

Percent of People with Each Score

Your Score History

You have not taken this quiz